Berlin: Bezirke und Ortsteile - mit Karte - Statistiken

Allgemein
  • Dieses Quiz wurde 2.559 mal gespielt
  • Das Durchschnittsergebnis liegt bei 49 aus 109
Antworten auf der Karte
Die Antworten werden auf der Karte rot bzw. grün angezeigt, abhängig davon wie oft sie richtig erraten wurden.
 
Antwortstatistiken
Antwort % Korrekt
Mitte
93%
Spandau
88%
Charlottenburg
86%
Neukölln
86%
Kreuzberg
84%
Pankow
84%
Marzahn
79%
Köpenick
78%
Friedrichshain
77%
Tempelhof
76%
Schöneberg
73%
Lichtenberg
72%
Reinickendorf
72%
Steglitz
72%
Reinickendorf
71%
Wedding
70%
Wilmersdorf
69%
Hellersdorf
68%
Prenzlauer Berg
68%
Zehlendorf
68%
Wannsee
67%
Tegel
62%
Tiergarten
61%
Moabit
59%
Gesundbrunnen
54%
Grunewald
54%
Lichterfelde
53%
Rudow
53%
Mariendorf
48%
Buch
47%
Westend
46%
Britz
45%
Lichtenrade
45%
Marienfelde
45%
Weißensee
44%
Treptow-Köpenick
43%
Charlottenburg-Wilmersdorf
42%
Dahlem
42%
Gropiusstadt
41%
Marzahn-Hellersdorf
41%
Hansaviertel
40%
Nikolassee
40%
Siemensstadt
40%
Friedenau
39%
Gatow
39%
Staaken
39%
Steglitz-Zehlendorf
39%
Buckow
38%
Friedrichshain-Kreuzberg
38%
Kladow
38%
Lankwitz
37%
Tempelhof-Schöneberg
37%
Adlershof
36%
Frohnau
36%
Karow
36%
Kaulsdorf
36%
Mahlsdorf
36%
Wittenau
36%
Alt-Treptow
35%
Charlottenburg-Nord
35%
Schlachtensee
35%
Alt-Hohenschönhausen
34%
Biesdorf
34%
Grünau
34%
Rummelsburg
34%
Französisch Buchholz
33%
Halensee
33%
Oberschöneweide
32%
Altglienicke
31%
Baumschulenweg
31%
Karlshorst
31%
Märkisches Viertel
31%
Friedrichsfelde
30%
Heinersdorf
30%
Neu-Hohenschönhausen
30%
Niederschöneweide
30%
Schmargendorf
28%
Blankenburg
27%
Friedrichshagen
27%
Haselhorst
27%
Heiligensee
27%
Johannisthal
27%
Müggelheim
27%
Niederschönhausen
27%
Blankenfelde
26%
Malchow
26%
Plänterwald
26%
Wilhelmsruh
26%
Hermsdorf
25%
Rahnsdorf
25%
Schmöckwitz
25%
Lübars
24%
Waidmannslust
24%
Wartenberg
24%
Falkenhagener Feld
22%
Hakenfelde
22%
Rosenthal
22%
Falkenberg
21%
Fennpfuhl
21%
Wilhelmstadt
21%
Bohnsdorf
18%
Konradshöhe
18%
Stadtrandsiedlung Malchow
18%
Borsigwalde
17%
Keine übereinstimmenden Quizze gefunden
Verteilung der Resultate
Anzahl Personen mit jedem Resultat
Perzentil nach korrekt beantworteten Fragen
Ihre Resultats-Entwicklung
Sie haben dieses Quiz noch nicht gespielt